The practice of english language teaching
Saved in:
| Hovedforfatter: | |
|---|---|
| Format: | Bog |
| Sprog: | engelsk |
| Udgivet: |
Essex
Longman
2001
|
| Udgivelse: | 3a. ed |
| Fag: | |
| Tags: |
Tilføj Tag
Ingen Tags, Vær først til at tagge denne postø!
|
MARC
| LEADER | 00000nam a2200000 a 4500 | ||
|---|---|---|---|
| 001 | UCI1425 | ||
| 003 | CL-VaPUC | ||
| 008 | 070629e20010000uk |||||||||||||||||eng|d | ||
| 020 | |a 9780582403857 | ||
| 082 | 0 | 4 | |a 428.2 |b HAR |2 21 |
| 100 | |a Harmer, Jeremy |e author |9 565657 | ||
| 245 | 1 | 4 | |a The practice of english language teaching |
| 250 | |a 3a. ed | ||
| 300 | |a 370 p | ||
| 942 | |c BK | ||
| 945 | |d 20070629 00:00:00 |a jtorresc | ||
| 260 | |a Essex |b Longman |c 2001 | ||
| 650 | 0 | |a Inglés |9 260023 | |
| 650 | 0 | |a Comprensión |9 339377 | |
| 650 | 0 | |a Enseñanza del inglés |9 367340 | |
| 650 | 0 | |a Enseñanza de idiomas |9 339820 | |
| 583 | |a last modification |c 20171121 11:43:10 |k Rodrigo Vera | ||
| 999 | |c 326248 |d 326246 | ||
| 952 | |0 0 |1 0 |4 0 |6 428_200000000000000_HAR_2001 |7 0 |8 A |9 408045 |a BIBEDU |b BIBEDU |d 2019-11-22 |i 4353609 |o 428.2 HAR 2001 |p 4353609 |r 2019-11-22 |w 2019-11-22 |y BK |k LIT | ||
| 952 | |0 0 |1 0 |4 0 |6 428_200000000000000_HAR_2001 |7 0 |8 A |9 408046 |a BIBEDU |b BIBEDU |d 2019-11-22 |i 4353617 |l 1 |o 428.2 HAR 2001 |p 4353617 |r 2025-03-31 |s 2025-03-19 |w 2019-11-22 |y BK |k LIT | ||